000 00305nam a22001337a 4500
008 180903b xxu||||| |||| 00| 0 eng d
020 _a9780136108825
041 _aeng
080 _28 ed
_a574
100 _a9
101 _aMJE
245 _aSoils In Our Environment
_cMiLLER.R,W
942 _2udc
_cBK
999 _c47451
_d47451